Lord acton y el catolicismo liberal en inglaterra /
Guardado en:
| Autor Principal: | |
|---|---|
| Formato: | Libro |
| Publicado: |
Madrid :
Instituto De Estudios Politicos,
1960
|
| Materias: | |
| Etiquetas: |
Agregar Etiqueta
Sin Etiquetas, Sea el primero en etiquetar este registro!
|
| LEADER | 00528nam a22001575a 4500 | ||
|---|---|---|---|
| 001 | EHU.bham014792 | ||
| 003 | AR-BHAM | ||
| 005 | 20100330191258.0 | ||
| 008 | 130507s1960##################000#0#####d | ||
| 082 | 9 | 4 | |a 942.08 |
| 100 | 1 | |a Olivar Bertrand, Rafael | |
| 245 | 1 | 0 | |a Lord acton y el catolicismo liberal en inglaterra / |c Rafael Olivar Bertrand |
| 260 | |a Madrid : |b Instituto De Estudios Politicos, |c 1960 | ||
| 300 | |a 85-125p. | ||
| 653 | |a Historia de inglaterra-1837-1901 | ||
| 859 | |a AR-BHAM |b BIB. HUMANIDADES - General |h 942.08 |i OL4 |p 626.61 |t Ej.1 | ||
